000 01079nam a22003017a 4500
999 _c18883
_d18883
005 20200104041748.0
008 160719b2004 ph ||||| |||| 00| 0 spa d
020 _a9716140290
040 _aCO-BoIAVH
_cCO-BoIAVH
041 _aspa
082 _a639.9
_bC57c
110 2 _aCentro Internacional de la papa (cip)
245 1 _aConservación y uso sostenible de la biodiversidad agrícola :
_bLibro de consulta
260 _aLos Baños, Laguna, Filipinas:
_bCentro Internacional de la Papa;
_c2004.
300 _a3 tomos
505 _aVol. 1: Entendiendo la Biodiversidad Agricola
505 _aVol. 2: Fortaleciendo el Manejo Local de la Biodiversidad Agricola
505 _aVol. 3: Asegurando un Entorno Institucional Favorable para la Biodiversidad Agricola
650 1 4 _aSostenibilidad
650 1 4 _aConservación de la biodiversidad
650 1 4 _aUso sostenible
650 1 4 _aEntorno agrícola
700 _aGtz
700 _aIdrc
700 _aIpgri
700 _aUpward
942 _2ddc
_cLIBRO